Ke arah melahirkan individu profesional yang efisyen dan bermoral 25 Mac 1988

Bibliographic Details
Main Author: Azahari Ismail
Corporate Author: Institut Penilaian Negara
Format: Book
Published: Bangi : Institut Penilaian Negara , 1988
Subjects:

MARC

LEADER 00000cam a2200000 7i4500
001 0000004659
005 20111221.0
040 |a INS 
090 0 0 |a VCD 286 
100 0 |a Azahari Ismail 
245 0 0 |a Ke arah melahirkan individu profesional yang efisyen dan bermoral   |c Prof. Madya Hj. Azahari Ismail [  |h cakera video] :   |b 25 Mac 1988 
260 |a Bangi :   |b Institut Penilaian Negara ,   |c 1988 
300 |a 2 cakera video (60min., 29 min.) :   |b by., wrn. ;   |c 4 3/4 in. 
500 |a Juga terdapat dalam format vhs : VHS 116 A, VHS 116 B 
650 0 |a Executives   |x attitudes 
710 1 |a Institut Penilaian Negara 
999 |a VCD0000286   |b VIDEO CD   |c Media Collection   |e Default branch 
999 |a VCD0000287   |b VIDEO CD   |c Media Collection   |e Default branch